000 00811nam a22001937a 4500
999 _c80662
_d80662
008 201130b ||||| |||| 00| 0 eng d
040 _bger
_cSTAFF
_erda
_aSTAFF
041 _ager
100 _aMahlke, Lisa:
245 _aPostboten verteilen in Frankfurt Halbjahreszeugnisse.
_bBildung: Viele Unterlagen müssen in diesem Schulhalbjahr verschickt werden. Für Sachbearbeiter und Lehrer bedeutet das viel Arbeit /
_cLisa Mahlke und René Matschkowiak
653 _aFrankfurt (Oder)
653 _aPandemie / Covid 19
653 _aSchulische Bildung
773 _dFrankfurt (Oder): Märkisches Verlags- und Druckhaus GmbH & Co KG
_g32. Jahrgang (2021) Nr. 25 vom 30.01. / 31.01.2021, S. 13: Abb.
_tMärkische Oderzeitung
942 _cA